00787nam a2200265 a 450000100060000000300080000600500170001400800410003103500190007204000470009104100080013808200240014610000500017024500520022026000450027230000200031749000330033750000280037050000190039865000160041765000130043365000260044665000160047283000330048868785BD-RjUL20211209081817.0100405s1944 enk 001 0 eng d a(BD-RjUL)68996 aDLCcJHEdOCLdJHEdNRCdEQOdBD-RjULbeng aeng a930.1223bCHP 19451 aChilde, V. Gordonq(Vere Gordon),d1892-1957.10aProgress and archæology /cby V. Gordon Childe aLondon :bWatts,c1944 [impression 1945] a119 p. ;c17 cm1 aThinker's library ;vno. 102 a"First published 1944." aIncludes index 0aArchaeology 0aProgress 0aCivilization, Ancient 0aArchaeology 0aThinker's library ;vno. 102